[Event "Sao Paulo op"]
[Site "Sao Paulo"]
[Date "2023.06.23"]
[Round "2"]
[White "Trindade, Renan"]
[Black "Pironti, Vicente"]
[Result "1-0"]
[WhiteElo "1773"]
[BlackElo "1207"]
[PlyCount "51"]
[EventDate "2023.06.23"]
[EventType "swiss"]
[EventRounds "6"]
[EventCountry "BRA"]
[SourceTitle "CBM 214 Extra"]
[Source "ChessBase"]
[SourceDate "2023.07.31"]
[SourceVersion "1"]
[SourceVersionDate "2023.07.31"]
[SourceQuality "1"]

1. e4 e5 2. Bc4 Nf6 3. Nc3 Bc5 4. Nf3 0-0 5. 0-0 c6 6. Nxe5 d6 7. d4 Bb6 8. Nf3 d5 9. e5 Ne4 10. Nxe4 dxe4 11. Ng5 Bxd4 12. c3 b5 13. Bb3 Bxf2+ 14. Rxf2 Qb6 15. Nxe4 Be6 16. Qe2 Nd7 17. Nd6 a5 18. Be3 Qb8 19. Bxe6 fxe6 20. Rxf8+ Qxf8 21. Rf1 Qd8 22. Qg4 Nxe5 23. Qxe6+ Kh8 24. Qxe5 Qh4 25. Nf5 Qh5 26. Qxg7# 1-0

[Event "Mogi Guacu City-ch 3rd"]
[Site "Mogi Guacu"]
[Date "2023.03.17"]
[Round "1"]
[White "Pereira, Thiago Henrique"]
[Black "Trindade, Renan"]
[Result "1/2-1/2"]
[WhiteElo "1750"]
[BlackElo "1767"]
[PlyCount "20"]
[EventDate "2023.03.17"]
[EventType "tourn"]
[EventRounds "9"]
[EventCountry "BRA"]
[SourceTitle "CBM 213 Extra"]
[Source "ChessBase"]
[SourceDate "2023.05.31"]
[SourceVersion "1"]
[SourceVersionDate "2023.05.31"]
[SourceQuality "1"]

1. e4 e5 2. Nf3 Nc6 3. Bb5 d6 4. 0-0 Nf6 5. d3 Be7 6. Nc3 0-0 7. Bg5 h6 8. Bh4 Bd7 9. Re1 a6 10. Bc4 Rb8 1/2-1/2